Catalog

Record Details

Catalog Search



Sexuálně zneužívané děti  Cover Image Book Book

Sexuálně zneužívané děti / Eva Malá, Jiří Raboch, Zdeněk Sovák

Record details

  • ISBN: 80-85121-99-9
  • Physical Description: 128 s. ; 21 cm
  • Edition: 1. vyd.
  • Publisher: Praha : Psychiatrické centrum, 1995

Content descriptions

Bibliography, etc. Note:
Bibliogr.
Subject: sexuálně zneužívané děti
Genre: příručky

Available copies

  • 2 of 2 copies available at Common Catalog SPOK.

Holds

  • 0 current holds with 2 total copies.
Show Only Available Copies
Location Call Number / Copy Notes Barcode Shelving Location Status Due Date
Jabok Library SPr-3.7.5 424480000466 Odborná literatura Available -
Jabok Library SPr-3.7.5 424480000467 Odborná literatura Available -

LDR 01087nam a2200361 a 4500
00111491
003CZ-PrJAB
00520180828083317.0
007tu
008960418s1995 xr e 000 0 cze
015 . ‡acnb000116788
020 . ‡a80-85121-99-9 ‡q(brož.)
035 . ‡a(CZ PrNK)cpk19960116788
035 . ‡a(OCoLC)84910221
040 . ‡aABA001 ‡bcze
072 7. ‡a616.89 ‡xPsychiatrie ‡2Konspekt ‡914
080 . ‡a616.89 ‡2undef
080 . ‡a179 ‡2undef
080 . ‡a316.6 ‡2undef
1001 . ‡aMalá, Eva, ‡d1940- ‡7jk01073165 ‡4aut
24510. ‡aSexuálně zneužívané děti / ‡cEva Malá, Jiří Raboch, Zdeněk Sovák
250 . ‡a1. vyd.
260 . ‡aPraha : ‡bPsychiatrické centrum, ‡c1995
300 . ‡a128 s. ; ‡c21 cm
4901 . ‡aZprávy ; ‡vč. 128
504 . ‡aBibliogr.
65007. ‡asexuálně zneužívané děti ‡7ph115772 ‡2czenas
655 7. ‡apříručky ‡7fd133209 ‡2czenas
7001 . ‡aRaboch, Jiří, ‡d1951- ‡7jn20000402087 ‡4aut
7001 . ‡aSovák, Zdeněk, ‡d1950- ‡7jn20000710578 ‡4aut
830 0. ‡aZprávy
910 . ‡aABG312
901 . ‡a11491 ‡bUnknown ‡c11491 ‡tbiblio

Additional Resources